000 00288nam a2200121 a 4500
008 100917s1989|||| d
100 1 _aDomino, Zbigniew
245 1 0 _aJe čas ísť domov chlapci
260 _bPravda
_aBratislava
_c1989
020 _c26
044 _axo
_cSK
041 _aslo
999 _c10451
_d10451